000
00300nam a2200109Ia 4500
008
190906s9999||||xx |||||||||||||| ||und||
100
_a
Aitken, Syme
245
0
_a
SAMS Teach Yourself Visual Basic. NET Web Programming in 21 Days
260
_a
UK
_b
Prentice Hall Inc.
_c
2002
300
_a
523
942
_c
BK
999
_c
6196
_d
6196